| 000 | 00730nam a2200253Ia 4500 | ||
|---|---|---|---|
| 003 | OSt | ||
| 005 | 20220918193300.0 | ||
| 006 | a|||||r|||| 00| 0 | ||
| 007 | ta | ||
| 008 | 220917b |||||||| |||| 00| 0 eng d | ||
| 024 | _a72,460 | ||
| 037 | _cTextual | ||
| 040 |
_aARTS _cARTS _beng |
||
| 041 |
_2eng _aeng |
||
| 082 | _aR44S, M2 | ||
| 100 |
_aMacklin Ruth _981376 |
||
| 245 | 0 |
_aMan, mind and moraltiy _b the ethics of behavior control |
|
| 260 |
_aEnglewood _bCliffs Prentice Hall _c1982 |
||
| 300 |
_ax,130p. _ccm. |
||
| 490 | _aPrinceton-Hall series in the philosophy of medicine | ||
| 650 |
_aPROFESSIONAL ETHICS _913764 |
||
| 942 |
_hR44S, M2 _cTEXL _2CC |
||
| 999 |
_c198448 _d198448 |
||